Catálogo
 En Linea

La duplicité urétérale. / (Registro nro. 33543)

Detalles MARC
000 -CABECERA
campo de control de longitud fija 00478nam a2200157 a 4500
001 - NÚMERO DE CONTROL
campo de control 000034052
005 - FECHA Y HORA DE LA ÚLTIMA TRANSACCIÓN
campo de control 20200930070731.0
008 - DATOS DE LONGITUD FIJA--INFORMACIÓN GENERAL
campo de control de longitud fija 131107s1922 fr a 000 0 spa d
040 ## - FUENTE DE LA CATALOGACIÓN
Centro catalogador/agencia de origen DO-SdBNP
Lengua de catalogación fra
Centro/agencia transcriptor BNHPU
082 ## - NÚMERO DE LA CLASIFICACIÓN DECIMAL DEWEY
Número de clasificación xxx
Número de documento/Ítem xxxx
100 1# - ENTRADA PRINCIPAL--NOMBRE DE PERSONA
Nombre de persona Franco, D´ Priamo B.
9 (RLIN) 59494
245 13 - MENCIÓN DE TÍTULO
Título La duplicité urétérale. /
Mención de responsabilidad, etc. D´Priamo B. Franco.
260 ## - PUBLICACIÓN, DISTRIBUCIÓN, ETC.
Lugar de publicación, distribución, etc. Paris, Francia, :
Nombre del editor, distribuidor, etc. A. Maloine & fils,
Fecha de publicación, distribución, etc. 1922.
300 ## - DESCRIPCIÓN FÍSICA
Extensión 354 p. ; :
Otras características físicas il. ;
Dimensiones 25 cm.
504 ## - NOTA DE BIBLIOGRAFÍA, ETC.
Nota de bibliografía, etc. Bibliographie p: 342-354
Existencias
Estado de retiro Estado de pérdida Restricciones de uso No para préstamo Código de colección Localización permanente Ubicación/localización actual Ubicación en estantería Fecha de adquisición Número de inventario Total de préstamos Signatura topográfica completa Código de barras Fecha visto por última vez Precio válido a partir de Tipo de ítem Koha
      Excluido de préstamo Monografías: Libros y Folletos General General En catalogación 21.09.2011 LF1   xxx xxxx 34052-10 25.06.2020 25.06.2020 No se presta
        Monografías: Libros y Folletos General General Orden iniciada 21.09.2011 LF1   xxx xxxx 34053-10 25.06.2020 25.06.2020 No se presta

Con tecnología Koha